000 00486nam a2200169Ia 4500
003 GCL
008 140319s9999 xx 000 0 ara d
040 _aGCL /
_cGCL
082 0 4 _a965
_bج م
100 1 _aجلال يحيى
245 1 0 _aالمغرب الكبير : الفترة المعاصرة /
_cجلال يحيى
300 _a427 ص
490 _a
650 0 4 _aالجزائر - تاريخ
650 0 4 _aالجزائر - تاريخ - العصرالحديث
942 _2ddc
_cBK
999 _c39225
_d39225